书目信息 |
| 题名: |
说文解字诂林
|
|
| 作者: | 丁福保 编纂 | |
| 分册: | 第十六册 | |
| 出版信息: | 北京 中华书局 1988 |
|
| 页数: | 14525-15192页 | |
| 开本: | 20cm | |
| 丛书名: | ||
| 单 册: | ||
| 中图分类: | H161 | |
| 科图分类: | 41.242 | |
| 主题词: | 汉字-文字学--研究 , 文字学-汉字--研究 | |
| 电子资源: | ||
| ISBN: | 7-101-00407-5 | |
| 000 | 00918nam0 2200289 45 | |
| 001 | 0189014471 | |
| 005 | 20061030111442.48 | |
| 010 | @b精装@a7-101-00407-5@dCNY26.00 | |
| 020 | @aCN@b89014471 | |
| 100 | @a19910304d1988 m y0chiy0120 ea | |
| 101 | 0 | @achi |
| 102 | @aCN@b110000 | |
| 102 | @aCN@b110000 | |
| 105 | @ay z 000yy | |
| 200 | 10 | @a说文解字诂林@h第十六册@Ashuo wen jie zi gu lin@f丁福保编纂@Fding fu bao bian zuan |
| 210 | @a北京@c中华书局@d1988 | |
| 215 | @a14525-15192页@d20cm | |
| 330 | @a本书汇集历代考释研究《说文》的著作,加以分类归纳,在每个字的下面都罗列有各代名家对该字的解释。 | |
| 540 | 1 | @a说文解字 诂林@Ashuo wen jie zi gu lin |
| 605 | @a《说文解字》@x研究 | |
| 606 | @a汉字-文字学@x研究 | |
| 606 | @a文字学-汉字@x研究 | |
| 690 | @aH161@v1980 | |
| 692 | @a41.242@v1974 | |
| 701 | 0 | @a丁福保@Ading fu bao@4编纂 |
| 801 | 0 | @aCN@bTSSF@c20061030 |
| 905 | @a10447@dH161@e66:16 | |
| 说文解字诂林.第十六册/丁福保编纂.-北京:中华书局,1988 |
| 14525-15192页;20cm |
| ISBN 7-101-00407-5(精装):CNY26.00 |
| 本书汇集历代考释研究《说文》的著作,加以分类归纳,在每个字的下面都罗列有各代名家对该字的解释。 |
| ● |
| 相关链接 |
|
|
|
|
正题名:说文解字诂林
索取号:H161/66:16
 
预约/预借
| 序号 | 登录号 | 条形码 | 馆藏地/架位号 | 状态 | 备注 |
| 1 | 0215676 | 202073264 | 第二样本阅览室/ [索取号:H161/66:16] | 在馆 |